[Event "ODJM A 2022"]
[Site "Willingen GER"]
[Date "2022.06.10"]
[Round "8"]
[White "Wensing, Maximilian"]
[Black "Meiwes, Thore"]
[Result "1/2-1/2"]
[Termination "normal"]
[Board "2"]
[WhiteElo "2063"]
[BlackElo "2079"]
[WhiteClock "00:20:17"]
[BlackClock "00:14:50"]
[PlyCount "96"]
[WhiteFideId "16222415"]
[BlackFideId "16201256"]
[EventCountry "GER"]
[EventRounds "9"]
[EventType "swiss"]
[EventDate "2022.06.04"]

1. c4 {[%clk 1:30:56]} Nf6 {[%clk 1:30:56]} 2. g3 {[%clk 1:31:18]} e6 {[%clk
1:31:19]} 3. Bg2 {[%clk 1:31:42]} d5 {[%clk 1:31:44]} 4. Nf3 {[%clk 1:32:05]}
Be7 {[%clk 1:32:09]} 5. O-O {[%clk 1:32:20]} O-O {[%clk 1:32:33]} 6. b3 {[%clk
1:32:43]} b6 {[%clk 1:32:50]} 7. Bb2 {[%clk 1:32:44]} c5 {[%clk 1:33:10]} 8.
cxd5 {[%clk 1:30:39]} Nxd5 {[%clk 1:33:22]} 9. d4 {[%clk 1:30:27]} Bb7 {[%clk
1:33:22]} 10. e4 {[%clk 1:26:37]} Nf6 {[%clk 1:32:31]} 11. e5 {[%clk 1:26:56]}
Nd5 {[%clk 1:32:43]} 12. dxc5 {[%clk 1:27:17]} Bxc5 {[%clk 1:31:52]} 13. a3
{[%clk 1:27:32]} a5 {[%clk 1:30:51]} 14. Nbd2 {[%clk 1:25:18]} Nc6 {[%clk
1:26:56]} 15. Ne4 {[%clk 1:18:06]} Be7 {[%clk 1:27:22]} 16. Rc1 {[%clk
1:16:58]} Rc8 {[%clk 1:22:46]} 17. Qd2 {[%clk 1:11:56]} Qd7 {[%clk 1:17:32]}
18. Rfd1 {[%clk 1:04:10]} Rfd8 {[%clk 1:16:43]} 19. Bh3 {[%clk 0:50:56]} h6
{[%clk 1:13:49]} 20. Qe2 {[%clk 0:40:18]} Qe8 {[%clk 1:11:57]} 21. Nd6 {[%clk
0:36:11]} Bxd6 {[%clk 1:09:55]} 22. exd6 {[%clk 0:36:39]} Rxd6 {[%clk 1:08:16]}
23. Ne5 {[%clk 0:34:25]} Rcd8 {[%clk 1:05:08]} 24. Nxc6 {[%clk 0:23:00]} Rxc6
{[%clk 1:02:08]} 25. Rxc6 {[%clk 0:23:23]} Bxc6 {[%clk 0:59:46]} 26. Qg4 {[%clk
0:20:50]} Nf6 {[%clk 0:52:14]} 27. Bxf6 {[%clk 0:20:06]} Rxd1+ {[%clk 0:52:41]}
28. Bf1 {[%clk 0:20:28]} Rxf1+ {[%clk 0:52:43]} 29. Kxf1 {[%clk 0:20:55]} Qf8
{[%clk 0:51:52]} 30. b4 {[%clk 0:17:55]} Kh7 {[%clk 0:49:32]} 31. Bc3 {[%clk
0:14:59]} axb4 {[%clk 0:46:27]} 32. axb4 {[%clk 0:14:32]} b5 {[%clk 0:41:42]}
33. Ke1 {[%clk 0:07:40]} Bd5 {[%clk 0:39:41]} 34. h4 {[%clk 0:08:04]} f6 {[%clk
0:38:57]} 35. Qe2 {[%clk 0:07:19]} Qc8 {[%clk 0:35:09]} 36. Kd2 {[%clk
0:07:34]} Bc4 {[%clk 0:33:44]} 37. Qe4+ {[%clk 0:07:42]} Kg8 {[%clk 0:33:47]}
38. g4 {[%clk 0:03:58]} e5 {[%clk 0:30:47]} 39. g5 {[%clk 0:03:48]} Qd8+ {[%clk
0:22:55]} 40. Kc1 {[%clk 0:00:50]} Bd3 {[%clk 0:18:56]} 41. Qe3 {[%clk
0:28:32]} hxg5 {[%clk 0:41:25]} 42. hxg5 {[%clk 0:28:56]} Qd5 {[%clk 0:41:19]}
43. gxf6 {[%clk 0:25:09]} gxf6 {[%clk 0:40:24]} 44. f4 {[%clk 0:23:41]} Bg6
{[%clk 0:20:51]} 45. fxe5 {[%clk 0:19:53]} Qb3 {[%clk 0:19:33]} 46. Kd2 {[%clk
0:20:07]} Qc2+ {[%clk 0:18:03]} 47. Ke1 {[%clk 0:20:32]} Qb1+ {[%clk 0:17:35]}
48. Kf2 {[%clk 0:20:17]} Qf5+ {[%clk 0:14:50]} 1/2-1/2

[Event "ODJM A 2022"]
[Site "Willingen GER"]
[Date "2022.06.10"]
[Round "8"]
[White "Panjer, Sidney"]
[Black "Nied, Pascal"]
[Result "1-0"]
[Termination "normal"]
[Board "3"]
[WhiteElo "2043"]
[BlackElo "2030"]
[WhiteClock "00:06:17"]
[BlackClock "00:00:32"]
[PlyCount "125"]
[WhiteFideId "16207041"]
[BlackFideId "16260597"]
[EventCountry "GER"]
[EventRounds "9"]
[EventType "swiss"]
[EventDate "2022.06.04"]

1. Nf3 {[%clk 1:30:57]} d5 {[%clk 1:30:53]} 2. c4 {[%clk 1:31:13]} e6 {[%clk
1:31:02]} 3. g3 {[%clk 1:31:14]} Nf6 {[%clk 1:28:53]} 4. Bg2 {[%clk 1:30:49]}
Be7 {[%clk 1:07:46]} 5. d4 {[%clk 1:28:03]} O-O {[%clk 1:08:00]} 6. O-O {[%clk
1:28:01]} dxc4 {[%clk 1:08:21]} 7. Qa4 {[%clk 1:27:55]} a6 {[%clk 1:08:40]} 8.
Qxc4 {[%clk 1:28:04]} b5 {[%clk 1:09:01]} 9. Qc2 {[%clk 1:28:29]} Bb7 {[%clk
1:09:24]} 10. Bd2 {[%clk 1:25:36]} Be4 {[%clk 1:03:50]} 11. Qc1 {[%clk
1:25:58]} Ra7 {[%clk 0:51:31]} 12. Bg5 {[%clk 1:22:23]} Nbd7 {[%clk 0:47:32]}
13. Nbd2 {[%clk 1:20:21]} Bd5 {[%clk 0:44:58]} 14. Nb3 {[%clk 1:19:33]} Ne4
{[%clk 0:43:15]} 15. Be3 {[%clk 1:16:52]} Qa8 {[%clk 0:35:31]} 16. Rd1 {[%clk
1:01:09]} Rd8 {[%clk 0:31:12]} 17. Qc2 {[%clk 0:59:13]} Nd6 {[%clk 0:28:41]}
18. Bg5 {[%clk 0:44:14]} f6 {[%clk 0:25:09]} 19. Bf4 {[%clk 0:43:12]} Nc4
{[%clk 0:23:46]} 20. Ne1 {[%clk 0:36:48]} Bxg2 {[%clk 0:18:22]} 21. Nxg2 {[%clk
0:36:59]} e5 {[%clk 0:16:13]} 22. Be3 {[%clk 0:30:20]} c5 {[%clk 0:14:44]} 23.
dxe5 {[%clk 0:19:22]} fxe5 {[%clk 0:12:53]} 24. Nd2 {[%clk 0:15:06]} Nxe3
{[%clk 0:10:46]} 25. Nxe3 {[%clk 0:15:35]} Nf6 {[%clk 0:09:13]} 26. Qf5 {[%clk
0:15:23]} Qb8 {[%clk 0:06:07]} 27. Qe6+ {[%clk 0:14:17]} Kh8 {[%clk 0:05:21]}
28. Nf3 {[%clk 0:14:25]} Bd6 {[%clk 0:04:01]} 29. Ng5 {[%clk 0:14:06]} Re7
{[%clk 0:03:50]} 30. Nf7+ {[%clk 0:09:21]} Kg8 {[%clk 0:04:10]} 31. Rxd6 {[%clk
0:09:39]} Rxf7 {[%clk 0:00:32]} 32. Rxd8+ Qxd8 {[%clk 0:01:01]} 33. Rd1 {[%clk
0:09:27]} Qe8 {[%clk 0:00:48]} 34. Qxa6 {[%clk 0:09:15]} Rd7 {[%clk 0:00:56]}
35. Rd6 {[%clk 0:08:53]} Qd8 {[%clk 0:00:47]} 36. Rc6 {[%clk 0:07:57]} Qe8
{[%clk 0:00:31]} 37. Rc8 {[%clk 0:06:08]} Rd8 {[%clk 0:00:57]} 38. Rxd8 {[%clk
0:06:27]} Qxd8 {[%clk 0:01:26]} 39. Qxb5 {[%clk 0:06:52]} Qd2 {[%clk 0:00:36]}
40. Qc4+ {[%clk 0:07:05]} Kh8 {[%clk 0:00:33]} 41. Qxc5 {[%clk 0:02:37]} Qxb2
{[%clk 0:26:55]} 42. Qc8+ {[%clk 0:29:33]} Ng8 {[%clk 0:27:17]} 43. Qc2 {[%clk
0:29:49]} Qb4 {[%clk 0:25:46]} 44. a4 {[%clk 0:29:07]} h6 {[%clk 0:22:29]} 45.
Nc4 {[%clk 0:28:01]} Nf6 {[%clk 0:14:12]} 46. Nxe5 {[%clk 0:22:20]} Ne4 {[%clk
0:12:23]} 47. Nd3 {[%clk 0:18:10]} Qa5 {[%clk 0:12:36]} 48. Qc8+ {[%clk
0:13:33]} Kh7 {[%clk 0:12:56]} 49. Qc4 {[%clk 0:13:14]} Nc3 {[%clk 0:11:40]}
50. Qb4 {[%clk 0:13:14]} Qxb4 {[%clk 0:10:51]} 51. Nxb4 {[%clk 0:13:38]} Nxa4
{[%clk 0:11:18]} 52. e4 {[%clk 0:12:49]} g5 {[%clk 0:10:30]} 53. f3 {[%clk
0:12:30]} Kg6 {[%clk 0:10:03]} 54. Kf2 {[%clk 0:12:25]} Nb2 {[%clk 0:07:42]}
55. Ke3 {[%clk 0:11:08]} Nc4+ {[%clk 0:08:01]} 56. Ke2 {[%clk 0:10:27]} h5
{[%clk 0:06:41]} 57. f4 {[%clk 0:10:09]} h4 {[%clk 0:06:11]} 58. Kd3 {[%clk
0:08:56]} Nb6 {[%clk 0:04:13]} 59. f5+ {[%clk 0:05:17]} Kf7 {[%clk 0:01:32]}
60. e5 {[%clk 0:05:20]} hxg3 {[%clk 0:01:07]} 61. hxg3 {[%clk 0:05:44]} g4
{[%clk 0:00:36]} 62. Kd4 {[%clk 0:06:00]} Ke8 {[%clk 0:00:32]} 63. Nd5 {[%clk
0:06:17]} 1-0

[Event "ODJM A 2022"]
[Site "Willingen GER"]
[Date "2022.06.10"]
[Round "8"]
[White "Kardoeus, David"]
[Black "Sabirov, Ramil"]
[Result "1/2-1/2"]
[Termination "normal"]
[Board "4"]
[WhiteElo "2142"]
[BlackElo "2124"]
[WhiteClock "00:01:36"]
[BlackClock "00:11:34"]
[PlyCount "148"]
[WhiteFideId "12912050"]
[BlackFideId "12900303"]
[EventCountry "GER"]
[EventRounds "9"]
[EventType "swiss"]
[EventDate "2022.06.04"]

1. e4 {[%clk 1:29:45]} c5 {[%clk 1:30:53]} 2. Nf3 {[%clk 1:29:51]} e6 {[%clk
1:31:19]} 3. d4 {[%clk 1:30:08]} cxd4 {[%clk 1:31:44]} 4. Nxd4 {[%clk 1:30:03]}
Nc6 {[%clk 1:32:09]} 5. Nc3 {[%clk 1:30:03]} Qc7 {[%clk 1:32:33]} 6. Be3 {[%clk
1:30:13]} a6 {[%clk 1:32:55]} 7. Be2 {[%clk 1:29:55]} Nf6 {[%clk 1:32:58]} 8.
O-O {[%clk 1:29:44]} Bb4 {[%clk 1:33:20]} 9. Nxc6 {[%clk 1:28:02]} bxc6 {[%clk
1:32:24]} 10. f4 {[%clk 1:28:18]} d5 {[%clk 1:20:45]} 11. e5 {[%clk 1:28:33]}
Nd7 {[%clk 1:20:41]} 12. Na4 {[%clk 1:28:56]} Be7 {[%clk 1:11:59]} 13. c4
{[%clk 1:27:19]} a5 {[%clk 1:09:57]} 14. Rc1 {[%clk 1:03:32]} Qb8 {[%clk
1:06:30]} 15. Rf3 {[%clk 0:44:54]} Ba6 {[%clk 1:02:09]} 16. Bf2 {[%clk
0:35:41]} O-O {[%clk 0:46:09]} 17. Rb3 {[%clk 0:35:42]} Qc7 {[%clk 0:35:58]}
18. cxd5 {[%clk 0:34:29]} Bxe2 {[%clk 0:35:30]} 19. Qxe2 {[%clk 0:34:40]} exd5
{[%clk 0:35:54]} 20. Qc2 {[%clk 0:20:40]} Rfc8 {[%clk 0:21:09]} 21. Rh3 {[%clk
0:19:31]} g6 {[%clk 0:20:05]} 22. Rc3 {[%clk 0:19:28]} c5 {[%clk 0:19:17]} 23.
Nxc5 {[%clk 0:17:34]} Nxc5 {[%clk 0:19:21]} 24. Bxc5 {[%clk 0:17:26]} Bxc5+
{[%clk 0:19:32]} 25. Rxc5 {[%clk 0:17:46]} Qb6 {[%clk 0:19:14]} 26. Qf2 {[%clk
0:17:49]} Rxc5 {[%clk 0:17:52]} 27. Rxc5 {[%clk 0:17:57]} d4 {[%clk 0:18:19]}
28. Rd5 {[%clk 0:13:40]} Rd8 {[%clk 0:16:55]} 29. Rxd8+ {[%clk 0:14:08]} Qxd8
{[%clk 0:17:20]} 30. Kf1 {[%clk 0:12:33]} Qd5 {[%clk 0:15:08]} 31. b3 {[%clk
0:11:53]} Qe4 {[%clk 0:12:24]} 32. Qd2 {[%clk 0:11:12]} h5 {[%clk 0:11:47]} 33.
h4 {[%clk 0:10:02]} d3 {[%clk 0:07:13]} 34. Kf2 {[%clk 0:09:54]} Qd4+ {[%clk
0:07:30]} 35. Kf3 {[%clk 0:08:09]} Kf8 {[%clk 0:07:22]} 36. a3 {[%clk 0:07:35]}
Ke7 {[%clk 0:03:29]} 37. b4 {[%clk 0:03:57]} a4 {[%clk 0:03:05]} 38. Qf2 {[%clk
0:00:54]} Qd5+ {[%clk 0:01:55]} 39. Ke3 {[%clk 0:01:13]} Qb3 {[%clk 0:02:19]}
40. Qd2 {[%clk 0:00:35]} Qxa3 {[%clk 0:02:04]} 41. b5 {[%clk 0:00:37]} Qc5+
{[%clk 0:01:13]} 42. Kxd3 {[%clk 0:25:16]} Qxb5+ {[%clk 0:30:50]} 43. Kc2
{[%clk 0:22:16]} Qb3+ {[%clk 0:28:19]} 44. Kc1 {[%clk 0:22:44]} Ke6 {[%clk
0:25:58]} 45. Qd8 {[%clk 0:05:46]} a3 {[%clk 0:15:25]} 46. Qf6+ {[%clk
0:05:47]} Kd7 {[%clk 0:15:50]} 47. Qd6+ {[%clk 0:02:29]} Kc8 {[%clk 0:16:09]}
48. Qc6+ {[%clk 0:02:40]} Kb8 {[%clk 0:16:03]} 49. Qd6+ {[%clk 0:01:58]} Kb7
{[%clk 0:16:28]} 50. Qd7+ {[%clk 0:01:00]} Kb6 {[%clk 0:16:39]} 51. Qd6+ {[%clk
0:00:39]} Kb5 {[%clk 0:16:27]} 52. Qd7+ {[%clk 0:01:00]} Kb4 {[%clk 0:16:06]}
53. Qb7+ {[%clk 0:01:00]} Kc3 {[%clk 0:16:06]} 54. Qf3+ {[%clk 0:00:34]} Kc4
{[%clk 0:16:35]} 55. Qe4+ {[%clk 0:00:36]} Kc5 {[%clk 0:16:40]} 56. e6 {[%clk
0:00:38]} Qxe6 {[%clk 0:14:30]} 57. Qa8 {[%clk 0:00:59]} Qc4+ {[%clk 0:14:19]}
58. Kb1 {[%clk 0:00:51]} Qb3+ {[%clk 0:14:18]} 59. Kc1 {[%clk 0:01:16]} a2
{[%clk 0:13:53]} 60. Qa7+ {[%clk 0:01:30]} Kd6 {[%clk 0:13:55]} 61. Qd4+ {[%clk
0:01:04]} Kc6 {[%clk 0:11:41]} 62. Qe4+ {[%clk 0:01:06]} Kc5 {[%clk 0:10:01]}
63. Qe5+ {[%clk 0:01:21]} Kc4 {[%clk 0:09:16]} 64. Qe4+ {[%clk 0:01:45]} Kc5
{[%clk 0:09:38]} 65. Qe5+ {[%clk 0:01:26]} Qd5 {[%clk 0:10:01]} 66. Qe3+ {[%clk
0:01:03]} Kd6 {[%clk 0:10:13]} 67. Kb2 {[%clk 0:00:44]} Qxg2+ {[%clk 0:10:30]}
68. Ka1 {[%clk 0:00:53]} Qd5 {[%clk 0:10:50]} 69. Qg3 {[%clk 0:00:59]} Ke6
{[%clk 0:11:01]} 70. Qh3+ {[%clk 0:00:50]} Kf6 {[%clk 0:11:25]} 71. Qc3+ {[%clk
0:01:09]} Kf5 {[%clk 0:11:47]} 72. Qh3+ {[%clk 0:01:03]} Kxf4 {[%clk 0:11:34]}
73. Qh2+ {[%clk 0:01:12]} Kg4 {[%clk 0:11:52]} 74. Qg2+ {[%clk 0:01:36]} Qxg2
{[%clk 0:11:34]} 1/2-1/2

[Event "ODJM A 2022"]
[Site "Willingen GER"]
[Date "2022.06.10"]
[Round "8"]
[White "Brunner, Tobias"]
[Black "Schimnatkowski, Lukas"]
[Result "0-1"]
[Termination "normal"]
[Board "5"]
[WhiteElo "2007"]
[BlackElo "2206"]
[WhiteClock "00:08:27"]
[BlackClock "00:05:23"]
[PlyCount "56"]
[WhiteFideId "12949833"]
[BlackFideId "12936723"]
[EventCountry "GER"]
[EventRounds "9"]
[EventType "swiss"]
[EventDate "2022.06.04"]

1. e4 {[%clk 1:30:54]} c5 {[%clk 1:30:45]} 2. Nc3 {[%clk 1:31:10]} a6 {[%clk
1:31:10]} 3. a4 {[%clk 1:31:09]} Nc6 {[%clk 1:30:58]} 4. g3 {[%clk 1:30:54]} g6
{[%clk 1:28:45]} 5. Bg2 {[%clk 1:31:16]} Bg7 {[%clk 1:29:08]} 6. f4 {[%clk
1:30:34]} e6 {[%clk 1:23:49]} 7. Nf3 {[%clk 1:24:33]} d6 {[%clk 1:22:59]} 8.
O-O {[%clk 1:24:34]} Nge7 {[%clk 1:23:18]} 9. d3 {[%clk 1:21:45]} Qb6 {[%clk
1:11:51]} 10. Kh1 {[%clk 1:14:56]} Bd7 {[%clk 1:08:07]} 11. Ne2 {[%clk
1:12:59]} Rc8 {[%clk 1:02:16]} 12. c3 {[%clk 1:09:12]} Na5 {[%clk 0:50:58]} 13.
Ra3 {[%clk 1:01:52]} c4 {[%clk 0:39:46]} 14. Ned4 {[%clk 0:57:06]} O-O {[%clk
0:37:58]} 15. h3 {[%clk 0:41:41]} Rfd8 {[%clk 0:31:21]} 16. Qe2 {[%clk
0:37:42]} e5 {[%clk 0:27:27]} 17. Nc2 {[%clk 0:34:18]} cxd3 {[%clk 0:27:42]}
18. Qxd3 {[%clk 0:34:42]} Nc4 {[%clk 0:27:31]} 19. Ra1 {[%clk 0:26:54]} exf4
{[%clk 0:17:11]} 20. Ncd4 {[%clk 0:16:55]} Nxb2 {[%clk 0:12:38]} 21. Bxb2
{[%clk 0:15:45]} Qxb2 {[%clk 0:12:43]} 22. Rfc1 {[%clk 0:15:23]} fxg3 {[%clk
0:11:13]} 23. c4 {[%clk 0:10:02]} Bxd4 {[%clk 0:05:34]} 24. Nxd4 {[%clk
0:10:19]} Bxh3 {[%clk 0:05:46]} 25. Ne2 {[%clk 0:08:50]} Bxg2+ {[%clk 0:05:43]}
26. Kxg2 {[%clk 0:09:14]} Qe5 {[%clk 0:05:41]} 27. Rab1 Rd7 {[%clk 0:05:17]}
28. Rb6 {[%clk 0:08:27]} Qc5 {[%clk 0:05:23]} 0-1

[Event "ODJM A 2022"]
[Site "Willingen GER"]
[Date "2022.06.10"]
[Round "8"]
[White "Gallasch, Jonas"]
[Black "Gerlach, Felix"]
[Result "1-0"]
[Termination "normal"]
[Board "6"]
[WhiteElo "2060"]
[BlackElo "2072"]
[WhiteClock "00:18:59"]
[BlackClock "00:04:44"]
[PlyCount "117"]
[WhiteFideId "16222474"]
[BlackFideId "12957690"]
[EventCountry "GER"]
[EventRounds "9"]
[EventType "swiss"]
[EventDate "2022.06.04"]

1. d4 {[%clk 1:30:57]} Nf6 {[%clk 1:30:21]} 2. c4 {[%clk 1:31:19]} c5 {[%clk
1:30:40]} 3. d5 {[%clk 1:31:42]} e6 {[%clk 1:31:05]} 4. Nc3 {[%clk 1:32:07]}
exd5 {[%clk 1:31:32]} 5. cxd5 {[%clk 1:32:30]} d6 {[%clk 1:31:59]} 6. Nf3
{[%clk 1:32:47]} g6 {[%clk 1:32:25]} 7. Bf4 {[%clk 1:33:01]} Bg7 {[%clk
1:32:47]} 8. h3 {[%clk 1:28:57]} O-O {[%clk 1:32:54]} 9. e3 {[%clk 1:29:20]}
Na6 {[%clk 1:32:17]} 10. Be2 {[%clk 1:28:22]} Nc7 {[%clk 1:29:43]} 11. O-O
{[%clk 1:22:50]} Re8 {[%clk 1:24:28]} 12. Bh2 {[%clk 1:20:13]} b6 {[%clk
1:23:49]} 13. Nd2 {[%clk 1:15:47]} Bb7 {[%clk 1:04:14]} 14. e4 {[%clk 1:03:32]}
b5 {[%clk 0:58:32]} 15. Bxb5 {[%clk 1:00:52]} Nxb5 {[%clk 0:55:52]} 16. Nxb5
{[%clk 1:01:17]} Nxe4 {[%clk 0:55:47]} 17. Nxe4 {[%clk 0:56:12]} Rxe4 {[%clk
0:55:12]} 18. Nxd6 {[%clk 0:56:11]} Rd4 {[%clk 0:55:00]} 19. Nxb7 {[%clk
0:54:57]} Rxd1 {[%clk 0:55:05]} 20. Nxd8 {[%clk 0:55:06]} Rxa1 {[%clk 0:52:39]}
21. Rxa1 {[%clk 0:54:54]} Rxd8 {[%clk 0:53:04]} 22. d6 {[%clk 0:52:50]} Bxb2
{[%clk 0:50:56]} 23. Rb1 {[%clk 0:51:41]} Bd4 {[%clk 0:50:59]} 24. Rb7 {[%clk
0:47:52]} c4 {[%clk 0:50:49]} 25. Rc7 {[%clk 0:45:25]} c3 {[%clk 0:50:47]} 26.
Kf1 {[%clk 0:43:07]} g5 {[%clk 0:03:28]} 27. g4 {[%clk 0:40:13]} f6 {[%clk
0:03:49]} 28. Ke2 {[%clk 0:38:38]} Re8+ {[%clk 0:03:38]} 29. Kf3 {[%clk
0:26:32]} h6 {[%clk 0:03:45]} 30. Rc4 {[%clk 0:25:24]} Bb6 {[%clk 0:02:29]} 31.
Rxc3 {[%clk 0:25:30]} Kf7 {[%clk 0:02:39]} 32. Rc2 {[%clk 0:20:01]} Re1 {[%clk
0:01:39]} 33. Rc4 {[%clk 0:14:35]} Ke6 {[%clk 0:01:00]} 34. Bg3 {[%clk
0:13:43]} Kd7 {[%clk 0:01:17]} 35. Re4 {[%clk 0:12:14]} Rxe4 {[%clk 0:00:44]}
36. Kxe4 {[%clk 0:12:43]} Ke6 {[%clk 0:01:03]} 37. f4 {[%clk 0:11:05]} a6
{[%clk 0:00:43]} 38. f5+ {[%clk 0:11:09]} Kd7 {[%clk 0:01:04]} 39. Kd5 {[%clk
0:11:36]} Ba5 {[%clk 0:00:49]} 40. Kc5 {[%clk 0:03:15]} Bd2 {[%clk 0:00:49]}
41. Bh2 {[%clk 0:24:46]} Be3+ {[%clk 0:19:31]} 42. Kd5 {[%clk 0:24:26]} Bf2
{[%clk 0:19:07]} 43. a4 {[%clk 0:17:39]} a5 {[%clk 0:12:51]} 44. Kc4 {[%clk
0:17:22]} Kc6 {[%clk 0:12:34]} 45. d7 {[%clk 0:17:36]} Bb6 {[%clk 0:11:10]} 46.
Bg1 {[%clk 0:16:04]} Bd8 {[%clk 0:10:02]} 47. Bd4 {[%clk 0:15:53]} Be7 {[%clk
0:09:20]} 48. Bb2 {[%clk 0:16:13]} Bd8 {[%clk 0:04:46]} 49. Bc3 {[%clk
0:16:38]} Kxd7 {[%clk 0:03:24]} 50. Kb5 {[%clk 0:16:51]} Kd6 {[%clk 0:03:25]}
51. Bxa5 {[%clk 0:17:14]} Bxa5 {[%clk 0:02:57]} 52. Kxa5 {[%clk 0:17:39]} Ke5
{[%clk 0:03:24]} 53. Kb4 {[%clk 0:17:17]} Kf4 {[%clk 0:03:35]} 54. a5 {[%clk
0:17:40]} Kg3 {[%clk 0:03:52]} 55. a6 {[%clk 0:18:08]} Kxh3 {[%clk 0:03:59]}
56. a7 {[%clk 0:18:34]} Kxg4 {[%clk 0:04:21]} 57. a8=Q {[%clk 0:18:59]} Kxf5
{[%clk 0:04:24]} 58. Qf3+ {[%clk 0:19:22]} Kg6 {[%clk 0:04:44]} 59. Qe4+ {[%clk
0:18:59]} 1-0

[Event "ODJM A 2022"]
[Site "Willingen GER"]
[Date "2022.06.10"]
[Round "8"]
[White "Köhler, Lukas"]
[Black "Hofmann, Lorenz"]
[Result "1/2-1/2"]
[Termination "normal"]
[Board "7"]
[WhiteElo "2099"]
[BlackElo "2056"]
[WhiteClock "00:01:16"]
[BlackClock "00:07:28"]
[PlyCount "66"]
[WhiteFideId "16221990"]
[BlackFideId "12995509"]
[EventCountry "GER"]
[EventRounds "9"]
[EventType "swiss"]
[EventDate "2022.06.04"]

1. e4 {[%clk 1:30:23]} c6 {[%clk 1:30:45]} 2. Nc3 {[%clk 1:30:12]} d5 {[%clk
1:31:10]} 3. Nf3 {[%clk 1:30:34]} Bg4 {[%clk 1:31:33]} 4. h3 {[%clk 1:30:49]}
Bh5 {[%clk 1:31:48]} 5. exd5 {[%clk 1:30:59]} cxd5 {[%clk 1:32:14]} 6. g4
{[%clk 1:31:18]} Bg6 {[%clk 1:32:40]} 7. Bb5+ {[%clk 1:31:44]} Nc6 {[%clk
1:33:03]} 8. Ne5 {[%clk 1:31:57]} Rc8 {[%clk 1:33:28]} 9. d4 {[%clk 1:32:07]}
e6 {[%clk 1:33:51]} 10. Qe2 {[%clk 1:32:09]} Nge7 {[%clk 1:01:48]} 11. h4
{[%clk 1:18:24]} h6 {[%clk 1:01:25]} 12. Qf3 {[%clk 0:59:45]} f6 {[%clk
0:57:58]} 13. Nxg6 {[%clk 0:59:45]} Nxg6 {[%clk 0:58:24]} 14. Bd2 {[%clk
0:53:28]} Bb4 {[%clk 0:54:52]} 15. O-O-O {[%clk 0:47:37]} Kf7 {[%clk 0:45:28]}
16. Bxc6 {[%clk 0:29:02]} Rxc6 {[%clk 0:45:11]} 17. Nb1 {[%clk 0:20:26]} Qc7
{[%clk 0:39:04]} 18. c3 {[%clk 0:15:53]} Bd6 {[%clk 0:36:50]} 19. g5 {[%clk
0:15:25]} hxg5 {[%clk 0:36:22]} 20. hxg5 {[%clk 0:15:30]} Rxh1 {[%clk 0:36:38]}
21. Rxh1 {[%clk 0:13:56]} f5 {[%clk 0:36:54]} 22. Rh7 {[%clk 0:10:25]} Qb8
{[%clk 0:26:31]} 23. Qh5 {[%clk 0:09:22]} Rc8 {[%clk 0:25:52]} 24. Kd1 {[%clk
0:02:43]} Rg8 {[%clk 0:17:43]} 25. Bc1 {[%clk 0:01:05]} Bf4 {[%clk 0:14:28]}
26. Bxf4 {[%clk 0:00:49]} Qxf4 {[%clk 0:14:53]} 27. Nd2 {[%clk 0:01:03]} Qxf2
{[%clk 0:10:45]} 28. Nf3 {[%clk 0:01:13]} Ke7 {[%clk 0:10:56]} 29. Qxg6 {[%clk
0:00:50]} Qxf3+ {[%clk 0:11:21]} 30. Kd2 {[%clk 0:00:46]} Qf4+ {[%clk 0:10:14]}
31. Kd1 {[%clk 0:00:53]} Qf1+ {[%clk 0:08:32]} 32. Kd2 {[%clk 0:01:17]} Qf2+
{[%clk 0:07:28]} 33. Kd1 {[%clk 0:01:16]} Qf1+ 1/2-1/2

[Event "ODJM A 2022"]
[Site "Willingen GER"]
[Date "2022.06.10"]
[Round "8"]
[White "Savchenko, Daniel"]
[Black "Koll, Linus"]
[Result "0-1"]
[Termination "normal"]
[Board "8"]
[WhiteElo "2134"]
[BlackElo "1989"]
[WhiteClock "00:04:01"]
[BlackClock "00:01:32"]
[PlyCount "78"]
[WhiteFideId "12919195"]
[BlackFideId "12990299"]
[EventCountry "GER"]
[EventRounds "9"]
[EventType "swiss"]
[EventDate "2022.06.04"]

1. e4 {[%clk 1:30:50]} c5 {[%clk 1:30:55]} 2. Nf3 {[%clk 1:31:13]} d6 {[%clk
1:31:21]} 3. d4 {[%clk 1:31:36]} cxd4 {[%clk 1:31:47]} 4. Nxd4 {[%clk 1:31:58]}
Nf6 {[%clk 1:32:14]} 5. Nc3 {[%clk 1:32:18]} g6 {[%clk 1:32:40]} 6. f4 {[%clk
1:32:21]} Nc6 {[%clk 1:21:46]} 7. Nf3 {[%clk 1:31:10]} Bg7 {[%clk 1:21:26]} 8.
Bd3 O-O {[%clk 1:21:27]} 9. O-O {[%clk 1:31:27]} Bd7 {[%clk 1:16:19]} 10. Qe1
{[%clk 1:28:45]} Qa5 {[%clk 1:12:47]} 11. Kh1 {[%clk 1:23:15]} Nb4 {[%clk
1:06:51]} 12. Bd2 {[%clk 1:13:13]} Qh5 {[%clk 1:01:17]} 13. Rd1 {[%clk
0:47:17]} Bc6 {[%clk 0:54:11]} 14. Ne2 {[%clk 0:42:49]} Nxd3 {[%clk 0:50:08]}
15. cxd3 {[%clk 0:43:12]} Nd7 {[%clk 0:34:34]} 16. f5 {[%clk 0:42:01]} Bh6
{[%clk 0:22:04]} 17. Ng3 {[%clk 0:37:50]} Bxd2 {[%clk 0:22:28]} 18. Qxd2 {[%clk
0:38:14]} Qg4 {[%clk 0:22:55]} 19. Qh6 {[%clk 0:38:20]} f6 {[%clk 0:18:14]} 20.
Nd4 {[%clk 0:31:59]} Rf7 {[%clk 0:14:17]} 21. Qc1 {[%clk 0:22:30]} Ne5 {[%clk
0:12:24]} 22. Ne6 {[%clk 0:22:25]} Qh4 {[%clk 0:09:40]} 23. Rf4 {[%clk
0:17:53]} Qh6 {[%clk 0:09:50]} 24. d4 {[%clk 0:16:54]} g5 {[%clk 0:09:12]} 25.
Rff1 {[%clk 0:16:11]} Ng4 {[%clk 0:09:31]} 26. h3 {[%clk 0:16:27]} Qh4 {[%clk
0:06:44]} 27. Rf3 {[%clk 0:11:01]} Nh6 {[%clk 0:03:54]} 28. d5 {[%clk 0:11:18]}
Bd7 {[%clk 0:04:11]} 29. Rc3 {[%clk 0:09:15]} Ng4 {[%clk 0:02:39]} 30. Kg1
{[%clk 0:07:54]} Ne5 {[%clk 0:02:52]} 31. Qc2 {[%clk 0:07:04]} g4 {[%clk
0:02:50]} 32. Nf1 {[%clk 0:05:27]} Kh8 {[%clk 0:01:55]} 33. hxg4 {[%clk
0:03:38]} Rg8 {[%clk 0:00:58]} 34. Rh3 {[%clk 0:03:41]} Qxg4 {[%clk 0:01:05]}
35. Rg3 {[%clk 0:03:44]} Qh4 {[%clk 0:00:59]} 36. Rxg8+ {[%clk 0:03:57]} Kxg8
{[%clk 0:01:21]} 37. Qc7 {[%clk 0:03:37]} Bxe6 {[%clk 0:00:47]} 38. dxe6 {[%clk
0:03:48]} Nf3+ {[%clk 0:01:05]} 39. gxf3 {[%clk 0:04:01]} Rg7+ {[%clk 0:01:32]}
0-1